Het eiland in de Zuidzee, (Record no. 3161)
[ view plain ]
| 000 -LEADER | |
|---|---|
| fixed length control field | 00621cam a22002171 4500 |
| 001 - CONTROL NUMBER | |
| control field | af 47005539 |
| 003 - CONTROL NUMBER IDENTIFIER | |
| control field | DLC |
| 005 - DATE AND TIME OF LATEST TRANSACTION | |
| control field | 20260227110832.0 |
| 008 - FIXED-LENGTH DATA ELEMENTS--GENERAL INFORMATION | |
| fixed length control field | 890404s1943 be 000 1 dut c |
| 010 ## - LIBRARY OF CONGRESS CONTROL NUMBER | |
| LC control number | af 47005539 |
| 035 ## - SYSTEM CONTROL NUMBER | |
| System control number | (OCoLC)19494504 |
| 040 ## - CATALOGING SOURCE | |
| Original cataloging agency | California. Univ. Libr. |
| Transcribing agency | CU |
| Modifying agency | DLC |
| 041 1# - LANGUAGE CODE | |
| Language code of text/sound track or separate title | dut |
| Language code of original | ger |
| 042 ## - AUTHENTICATION CODE | |
| Authentication code | premarc |
| 050 00 - LIBRARY OF CONGRESS CALL NUMBER | |
| Classification number | PT2611.R186 |
| Item number | S854 |
| 100 1# - MAIN ENTRY--PERSONAL NAME | |
| Personal name | Franck, Hans, |
| Dates associated with a name | 1879- |
| 245 14 - TITLE STATEMENT | |
| Title | Het eiland in de Zuidzee, |
| Remainder of title | novelle. |
| Statement of responsibility, etc. | [Uit het Duitsch vertaald door Henri Bruning] |
| 260 ## - PUBLICATION, DISTRIBUTION, ETC. | |
| Place of publication, distribution, etc. | Brussel, |
| Name of publisher, distributor, etc. | Meddens |
| Date of publication, distribution, etc. | [1943] |
| 300 ## - PHYSICAL DESCRIPTION | |
| Extent | 66 p. |
| Dimensions | 19 cm. |
| 700 1# - ADDED ENTRY--PERSONAL NAME | |
| Personal name | Bruning, Henri, |
| Dates associated with a name | 1900- |
| Relator term | tr. |
No items available.